Biography Books: The Subtitles Quiz Stats

Quiz Updated Jun 4, 2016

Challenge
Share
Tweet
Embed
Score 0/15 Timer 04:00
0 Plays Today
% Correct
Shakespeare
88.3%
The Bedwetter
87.4%
Rosemary
87.2%
Smoke Gets in Your Eyes
83.4%
Catch Me if You Can
79.9%
On Writing
79.8%
The Everything Store
79.3%
Wild
76.4%
% Correct
An Unquiet Mind
76.2%
American on Purpose
75.3%
Unbroken
74.3%
The Other Wes Moore
73.3%
Empty Mansions
72%
Notorious RBG
70.1%
Hyperbole and a Half
57.9%

You're not logged in!

Compare scores with friends on all Sporcle quizzes.
Join for Free
OR
Log In

You Might Also Like...

Show Comments

Extras

Top Quizzes Today


Score Distribution

Your Account Isn't Verified!

In order to create a playlist on Sporcle, you need to verify the email address you used during registration. Go to your Sporcle Settings to finish the process.

Report this User

Report this user for behavior that violates our Community Guidelines.

Details: